000 00732nam a2200229Ia 4500
001 12346
003 GE_BSU
008 181216s||||||||xx |||||||||||||| ||und||
040 _cGE_BSU
080 _a316
100 _aკოდუა,ედუარდ.
245 _aსოციოლოგიის შესავალი.
245 _cრედ:ო.ჯიოევი.
260 _aთბილისი.
260 _bთბილისის უნ-ტის გამ-ბა.
260 _c1986
300 _a484გვ;22სმ.
300 _bსახელთა საძიებელი გვ:478
541 _h1ლ.
653 _aსოციოლოგიის შესავალი.
942 _cBK
999 _c45521
_d45521